000 01413nas a2200421 4500
001 BR8107301
003 BR-BrBNA
005 20231205084903.0
007 ta
008 230509b bl.|||p| |||| 00| 00por d
040 _aBR-BrBNA
_bpor
_cBiblioteca Nacional de Agricultura
041 _a(Pt)
072 _aH10; H20
100 1 _aAnon.
245 1 _aFeijao: doencas e pragas [Uromyces apendiculatus, ferrugem, Colletotrichum lindemuthianun, antracnose, Xanthomonas phaseoli, queima bacteriana, Isariopsis griseola, mancha angular, Erysiphe polygoni, oidio, Rhizoctonia solani, Fusarium solani, Macrophomina phaseolina, Sclerotium rolfsii, podridao da raiz, podridao do colo, virus, mosaico, mosaico dourado, Sao Paulo, Brasil]
650 _aFEIJAO
650 _aMOSAICO
650 _aFERRUGEM
650 _aMOSAICO DOURADO
650 _aANTRACNOSE
650 _aLAGARTA DO COLO
650 _aQUEIMA BACTERIANA
650 _aVETOR
650 _aMANCHA ANGULAR
650 _aLAGARTA ROSCA
650 _aOIDIO
650 _aACARO
650 _aCIGARRINHA
650 _aPULGAO
650 _aPODRIDAO DA RAIZ
650 _aMOSCA BRANCA
650 _aPODRIDAO DO COLO
650 _aVAQUINHA
650 _aSAO PAULO
773 0 _tAgropecuaria (Brazil)
_xISSN 0365-2661
_g(Jan 1981), v. 2(22) p. 29-34
_wBR8107301
909 _a202311
_bLúcia
_c55
_dLúcia Elande
942 _2AGRIS
_n0
_cANA
999 _c107911
_d107911